Регионална библиотека "Любен Каравелов" - Русе

Граматика на фантазията (Запис номер 77480)

MARC детайли
000 -Лидер
Контролно поле с фиксирана дължина 02288nam a2200433 c 4500
003 - Код на организацията, давaща контролен номер
Контролно поле BLK
005 - Дата и час на последна редакция
Контролно поле 20250312085105.0
008 - Елементи от данни с фиксирана дължина
fixed length control field 180408b bul|||||r ||||||| ||bul||
010 ## - Наследен системен номер
LC control number KNG00081937000
040 ## - Източник на каталожния запис
Идентификатор на билиотеката - собственик на записа BLK
041 ## - Код за език
Код за езика на текст/звукозапис или на отделно заглавие Български
Код за езика КДБФ Български
080 ## - УДК
Текстов определител УДК Въображение. Фантазия. Форми и граници на въображението. Творчество
УДК код - определител по УДК 159.954
УДК - код + определител 159.954
080 ## - УДК
Текстов определител УДК Психология на детската възраст. Интелектуално развитие на децата. Психически особености. Детски представи, описани в разкази
УДК код - определител по УДК 159.922.7
УДК - код + определител 159.922.7
080 ## - УДК
Текстов определител УДК Други игри. Викторини, гатанки, поговорки, кръстословици и др.
УДК код - определител по УДК 793.7
УДК - код + определител 793.7
100 ## - Редна дума - Автор
Автор Родари, Джани
Дати, свързани с автора 1920-1980
Автор - информация (биография) Италиански писател
R(LIN) 253674
139 ## - Редно поле
Редна дума Родари, Джани
Авторски знак Род - Р 73
245 10 - Сведения за заглавието
Заглавие Граматика на фантазията
Подзаглавни данни Увод в изкуството да измисляме истории
Редно поле (дума) Джани Родари; прев. от итал. Борислав Георгиев Иванчев; прев. от итал. Лиляна Георгиева Найденова.
257 ## - Страна на издаване
Страна на създаване/издаване Италия
260 ## - Област на издателските данни
Място на издаване, разпространение и проч. София
Име на издателя, разпространителя и проч. Наука и изкуство
Година на издаване 1981
Печатница Плевен : печ. Ал. Пъшев
300 ## - Физическа характеристика
Страници 290 с.
Размери/Мащаб 17 см
380 ## - Жанр
Жанр Философия
490 ## - СЕРИИ (Колекции)
Име на серия Библиотека Човекът и изкуството
500 ## - Общи забележки
Забележка Ориг. загл. Grammatica della fantasia / Giani Rodari
650 #4 - Допълнително описание по предмет – тема
Основно описание – тема или топоним Фантазия - у децата
9 (RLIN) 298356
650 #4 - Допълнително описание по предмет – тема
Основно описание – тема или топоним Въображение - у децата
9 (RLIN) 298357
653 ## - Ключова дума – ненормативна
Ключова дума фантазии
653 ## - Ключова дума – ненормативна
Ключова дума въображение
653 ## - Ключова дума – ненормативна
Ключова дума мислене
653 ## - Ключова дума – ненормативна
Ключова дума детска психология
700 1# - Други автори (авторска отговорност)
Лично име Иванчев, Борислав Георгиев
Автороска отговорност (Описва отношението между автора и произведението) прев. от итал.
9 (RLIN) 298354
700 1# - Други автори (авторска отговорност)
Лично име Найденова, Лиляна Георгиева
Автороска отговорност (Описва отношението между автора и произведението) прев. от итал.
9 (RLIN) 298355
852 ## - Местоположение
Форматна сигнатура Цб І 19297
856 4# - Електронен адрес и достъп
Електронен формат pdf - файл
856 4# - Електронен адрес и достъп
Електронен формат pdf - файл
942 ## - АРТИКУЛИ
Вид на библиотечния материал Книги
Скрит в OPAC Не
Koha issues (borrowed), all copies 2
944 ## - СЪЗДАВАНЕ И РЕДАКЦИЯ на ЗАПИСА
Създаване/Редакция Създаване
Дата на регистрацията/редакция 29.02.2008
Служител, извършил регистрацията/редакцията 30560
Статус, дата на статуса Геновева Генчева
944 ## - СЪЗДАВАНЕ И РЕДАКЦИЯ на ЗАПИСА
Създаване/Редакция Редакция
Дата на регистрацията/редакция 19.05.2008
999 ## - СИСТЕМНИ КОНТРОЛНИ НОМЕРА
Koha biblionumber 77480
Koha biblioitemnumber 77480
999 ## - СИСТЕМНИ КОНТРОЛНИ НОМЕРА
Koha biblioitemnumber 77480
Наличности
Код за отписване Код за изгубен артикул Източник на класификационната схема Код за повреда Коз за рестрикции Код за отдаване Артикулен № Име на библиотеката - собственик Име на библиотеката, в която се намира в момента Статус (Текущо местоположение) Дата на вписване в системата Местоположение - отдел Цена в лева Инвентарен номер Систематично азбучна сигнатура Баркод Номер на екземпляра Цена в евро Служебна бележка Служебен тип на артикула Бележка за публиката
Изтеглен Не е изгубен Universal Decimal Classification Не е повреден без рестрикции заемане за дома 125492 Регионална библиотека "Любен Каравелов" Русе Регионална библиотека "Любен Каравелов" Русе Отдел Изкуство - подръчен фонд 2008-02-28 Отдел Изкуство - подръчен фонд 5.35 120000724049 ИП 1/Р 73 120000724049 1 2.74 Дост: Ak Вид: Г N: 5 Дата: 28.02.2008 Дата инв: 01.02.2018 Бележки инв: П2018 Книги  
  Не е изгубен Universal Decimal Classification Не е повреден без рестрикции заемане за дома 125493 Регионална библиотека "Любен Каравелов" Русе Регионална библиотека "Любен Каравелов" Русе Заемна - подръчен фонд 1981-01-01 Заемна - подръчен фонд 1.65 341343 159.954/Р 73 Д 120000341343 2 0.84 Дост: Pk Вид: Ф N: стар фонд Дата: 01.01.1981 Дата инв: 01.02.2018 Бележки инв: П2018 Книги  
Изтеглен Не е изгубен Universal Decimal Classification Не е повреден без рестрикции заемане за дома 125494 Регионална библиотека "Любен Каравелов" Русе Регионална библиотека "Любен Каравелов" Русе Детски отдел 1981-01-01 Детски отдел 1.65 341504 ДН 1/Р 73 341504 3 0.84 Дост: Pk Вид: Ф N: стар фонд Дата: 01.01.1981 Дата инв: 30.09.2015 Бележки инв: Д2015 Книги  
Изтеглен Не е изгубен   Не е повреден без рестрикции заемане за дома 125495 Регионална библиотека "Любен Каравелов" Русе Регионална библиотека "Любен Каравелов" Русе   1981-01-01 Детски отдел 1.65 341505 ДН 1/Р 73 341505 4 0.84 Дост: Pk Вид: Ф N: стар фонд Дата: 01.01.1981 Дата инв: 30.09.2015 Бележки инв: Д2015 Книги Отч.N: 42/17 , Дата: 08.09.2017
  Не е изгубен Universal Decimal Classification Не е повреден само за читалня ползва се в читалня 125496 Регионална библиотека "Любен Каравелов" Русе Регионална библиотека "Любен Каравелов" Русе Хранилище 1981-01-01 Хранилище 1.65 341032 Цб І 19297 120000341032 5 0.84 Дост: Dp Вид: Д N: стар фонд Дата: 01.01.1981 Книги  
Vip Innovations Ltd, Rousse, Bulgaria 2025